000 00517nam a2200181Ia 4500
008 240925s9999 xx 000 0 und d
020 _a71349847
082 _a658.40353 WES
100 _aWest, Edie
245 4 _aThe Big Book of Icebreakers: quick,fun activities for energizing meeting and workshops
250 _aNA
260 _aNew York:
_bMc Graw HIll
_c,1999.
300 _aVarious pages
_bN.A
_fOriginal
500 _aIncludes Bibliography
600 _aManagement
650 _aManagement
942 _cBK
999 _c12217
_d12217